| 000 | 00600nam a2200217Ia 4500 | ||
|---|---|---|---|
| 003 | OSt | ||
| 005 | 20220107122747.0 | ||
| 008 | 130318s9999 xx 000 0 und d | ||
| 020 | _a9788131703106 | ||
| 040 | _cIIITM-K | ||
| 082 | _a005.12028 KLE/A;2 | ||
| 100 |
_aKleinberg, Jon _95434 |
||
| 245 |
_aAlgorithm design _cby Jon Kleinberg; Eva Tardos |
||
| 260 |
_bDorling Kindersley, _aNoida, _c2006. |
||
| 300 | _axxiii, 838p. | ||
| 650 |
_aCOMPUTER SCIENCE _95435 |
||
| 650 |
_aCOMPUTER ALGORITHMS _95436 |
||
| 650 |
_aCOMPUTER ALGORITHMS _95437 |
||
| 700 |
_aTardos, Eva _95438 |
||
| 942 |
_2ddc _cBK |
||
| 999 |
_c4248 _d4248 |
||